000 00765nam a22002177a 4500
999 _c977
_d977
003 AR-CdUCM
008 190226b ||||| |||| 00| 0 spa d
040 _aMUNICIPALIDAD PROVINCIAL DEL CUSCO
_cBIBLIOTECA MUNICIPAL DEL CUSCO
082 _a335.4 /
_bT81
100 _aTrifunovic, Bogdan
_93814
245 _aLeyendo a Edvard Kardelj /
_cTrifunovic, Bogdan
260 _aBelgrado :
_bCuestiones Actuales del Socialismo ,
_c1980.
300 _a156 paginas :
_c18 cm.
505 _aSocioeconomia Socialista -- La Autogestion de Kardelj -- La revolucion Socialista...
650 _aRelacion Socioeconomica.
_93815
650 _aKardelj.
_93816
650 _aSocialismo.
_91037
700 _aTrifunovic, Bogdan
_93814
942 _2ddc
_cLIBROS
945 _artm
_d2019-02-26